000 00651cam a2200205 4500500
005 20260405004044.0
041 _afre
042 _adc
100 1 0 _aLarmagnac-Matheron, Octave
_eauthor
245 0 0 _aDimitri El Murr : éros et philia, passions rationnelles
260 _c2020.
500 _a24
690 _aAmitié
690 _aBeau
690 _aEros
690 _aPhilia
690 _aPlaton
786 0 _nPhilosophie magazine - Hors séries | Hors-série - Été 2020 | HS45 | 2020-05-01 | p. 27-28 | 2104-9246
856 4 1 _uhttps://shs.cairn.info/magazine-philosophie-magazine-2020-hs45-page-27?lang=fr&redirect-ssocas=7080
999 _c2073282
_d2073282